[Event "German Bundesliga 2021-22"]
[Site "Germany"]
[Date "2022.04.30"]
[Round "5.11"]
[White "Vogel, Roven"]
[Black "Eljanov, Pavel"]
[Result "1/2-1/2"]
[WhiteElo "2452"]
[BlackElo "2681"]
[Annotator "TA"]
[PlyCount "229"]
[EventDate "2022.03.05"]
[EventType "team-tourn"]
[EventCountry "GER"]
[SourceTitle "playchess.com"]
[Source "ChessBase"]
[SourceQuality "1"]
[TimeControl "40/5400+30:1800+30"]

{[%evp 60,229,116,38,24,36,38,42,96,85,74,81,66,65,74,68,83,81,183,198,201,191,193,184,193,152,213,185,219,219,179,98,98,98,98,98,98,98,98,98,98,98,77,50,55,23,42,43,50,42,42,33,33,33,33,8,8,8,8,8,8,8,8,8,8,8,8,8,8,0,8,0,0,0,8,8,29,8,59,8,59,59,59,8,8,8,8,8,8,0,8,0,8,0,0,0,8,8,8,0,0,0,0,0,0,0,0,0,0,0,8,0,0,0,0,0,0,0,0,0,0,0,0,0,0,0,0,0,0,0,8,0,0,0,0,0,0,0,0,0,0,0,0,0,0,0,0,0,8,0,8,0,0,0,0,0,0,0,0,0,0,0,0,0,0,0,0,0,0,0,0,0]} 1. d4 {[%emt 0:00:00]} Nf6 {[%emt 0:00:00]} 2. c4 {[%emt 0:00:00]} e6 {[%emt 0:00:00]} 3. Nf3 {[%emt 0:00:00]} d5 {[%emt 0:00:00]} 4. g3 {[%emt 0:00:00]} dxc4 {[%emt 0:00:00]} 5. Bg2 {[%emt 0:00:00]} c6 {[%emt 0:00:00]} 6. Ne5 {[%emt 0:00:00]} Bb4+ {[%emt 0:00:00]} 7. Nc3 {[%emt 0:02:10]} Nd5 {[%emt 0:00:00]} 8. Bd2 {[%emt 0:01:13]} b5 {[%emt 0:00:00]} 9. O-O {[%emt 0:04:05]} O-O {[%emt 0:00:11]} 10. a4 {[%emt 0:13:29]} a5 {[%emt 0:03:19]} 11. Qc2 {[%emt 0:07:45]} f6 {[%emt 0:24:42]} 12. Nf3 {[%emt 0:01:45]} Bxc3 {[%emt 0:00:10]} 13. bxc3 {[%emt 0:03:55]} Bd7 {[%emt 0:00:28]} 14. Nh4 {[%emt 0:06:09]} Ra6 {[%emt 0:09:55]} 15. Be4 {[%emt 0:02:03]} f5 {[%emt 0:01:50]} 16. Bg2 {[%emt 0:00:36]} Nb6 {[%emt 0:02:36]} 17. Nf3 {[%emt 0:16:31]} Nxa4 {[%emt 0:00:24]} 18. Bg5 {[%emt 0:00:09]} Qe8 {[%emt 0:06:15]} 19. Rxa4 {[%emt 0:00:46]} bxa4 {[%emt 0:00:03]} 20. Ne5 {[%emt 0:00:27]} c5 {[%emt 0:03:50]} 21. dxc5 {[%emt 0:00:31]} Bc6 {[%emt 0:04:11]} 22. Nxc6 {[%emt 0:01:22]} Rxc6 {[%emt 0:03:05]} 23. Bxc6 {[%emt 0:00:51]} Qxc6 {[%emt 0:00:06]} 24. Ra1 {[%emt 0:02:27]} Qxc5 {[%emt 0:11:09]} 25. Qxa4 {[%emt 0:07:04]} Nc6 {[%emt 0:00:34]} 26. Rb1 {[%emt 0:01:57]} Qd5 {[%emt 0:03:12]} 27. Rb5 {[%emt 0:00:44]} Qe4 {[%emt 0:13:32]} 28. Qd1 {[%emt 0:01:28]} f4 {[%emt 0:04:18]} 29. f3 {[%emt 0:07:47]} Qe3+ {[%emt 0:02:32]} 30. Kg2 {[%emt 0:01:56]} e5 {[%emt 0:05:10]} 31. Rb7 {[%emt 0:01:17]} (31. Qd5+ Kh8 32. Rb2 (32. Qxc6 Qxe2+ 33. Kh3 fxg3 $11) 32... h6 $1) ({White should try} 31. Kh3 $1 $16 h6 32. Bxh6 $1 (32. Qd5+ Kh7 $11)) 31... e4 $1 $14 {[%emt 0:02:29]} 32. Qd7 {[%emt 0:14:44]} exf3+ $1 {[%emt 0:00:05]} 33. exf3 {[%emt 0:00:05]} Qe2+ {[%emt 0:01:20]} (33... Qe5 $14) 34. Kh3 $16 {[%emt 0:01:01]} Qe5 {[%emt 0:00:05]} 35. gxf4 {[%emt 0:02:15]} Qf5+ {[%emt 0:00:59]} 36. Qxf5 {[%emt 0:00:06]} Rxf5 {[%emt 0:00:02]} 37. Rc7 {[%emt 0:00:31]} h6 {[%emt 0:01:40] [#]} 38. Bh4 $1 {[%emt 0:01:20]} ({Don't play} 38. Rxc6 hxg5 39. Kg3 Kf7 $14) 38... Rxf4 {[%emt 0:00:41]} (38... Nb8 $16) 39. Rxc6 $18 {[%emt 0:00:53]} Rxf3+ {[%emt 0:00:04]} 40. Kg4 {[%emt 0:00:19]} Rxc3 {[%emt 0:00:05]} 41. Bg3 {[%emt 0:00:00]} ({Resist} 41. Be1 $6 Rc2 $16) 41... a4 {[%emt 0:00:00]} 42. Kf5 {[%emt 0:00:00]} Kh7 {[%emt 0:00:00]} (42... Rc2 $16 43. Ra6 Ra2) 43. Rc7 {[%emt 0:00:00]} Rf3+ {[%emt 0:07:08]} 44. Ke4 {[%emt 0:00:00]} Rf6 {[%emt 0:00:12]} 45. Rxc4 {[%emt 0:00:00]} (45. Be5 $18 Rg6 46. Ra7 (46. Rxc4 Rg4+ 47. Kd5 Rxc4 $11)) 45... Ra6 $16 {[%emt 0:06:18]} 46. Rc7 {[%emt 0:00:00]} a3 {[%emt 0:02:22]} 47. Be5 {[%emt 0:00:00]} Kg6 {[%emt 0:01:17]} 48. Rxg7+ {[%emt 0:00:00]} Kh5 {[%emt 0:00:04]} 49. Kf3 {[%emt 0:00:10]} a2 {[%emt 0:02:08] [#]} 50. Ba1 $1 {[%emt 0:03:49]} Kh4 {[%emt 0:04:37]} 51. Kg2 {[%emt 0:00:49]} Rd6 {[%emt 0:03:22]} 52. Rf7 {[%emt 0:02:04]} Rg6+ {[%emt 0:00:10]} 53. Kf2 {[%emt 0:02:15]} Rd6 {[%emt 0:05:42]} 54. Rf4+ {[%emt 0:05:47]} Kh3 {[%emt 0:02:09]} 55. Rf3+ {[%emt 0:00:31]} Kh4 {[%emt 0:00:09]} 56. Ra3 {[%emt 0:11:15]} Rd2+ {[%emt 0:00:16]} 57. Kf3 {[%emt 0:00:10]} Rxh2 {[%emt 0:00:32]} 58. Ra5 {[%emt 0:00:40]} Rh3+ {[%emt 0:00:07]} 59. Kf4 {[%emt 0:00:24]} Rb3 {[%emt 0:01:36]} (59... Rg3 {keeps more tension.} 60. Be5 Rg1 61. Bf6+ Kh3) 60. Rxa2 {[%emt 0:00:48]} Rb4+ {[%emt 0:00:04]} 61. Kf5 {[%emt 0:00:13]} Kg3 {[%emt 0:02:56]} 62. Be5+ {[%emt 0:00:08]} Kf3 {[%emt 0:00:05]} 63. Ra3+ {[%emt 0:00:12]} Ke2 {[%emt 0:00:22]} 64. Rh3 {[%emt 0:00:13]} Rc4 {[%emt 0:00:45]} 65. Ke6 {[%emt 0:01:30]} h5 {[%emt 0:00:23]} 66. Kd5 {[%emt 0:00:08]} Rc8 {[%emt 0:00:52]} 67. Ke4 {[%emt 0:00:31]} Re8 {[%emt 0:00:30]} 68. Rxh5 {[%emt 0:00:45]} Re7 {[%emt 0:00:17]} (68... Kf2 $11) 69. Rh1 {[%emt 0:00:26]} (69. Rh2+ $1 $14 Kd1 70. Ra2) 69... Re8 {[%emt 0:00:15]} (69... Kf2 $11) 70. Rh2+ $1 $14 {[%emt 0:02:03]} Ke1 {[%emt 0:00:37]} 71. Ra2 {[%emt 0:00:08]} ({Better is} 71. Kf4 $1 $14) 71... Re7 $11 {[%emt 0:00:24]} 72. Kd4 {[%emt 0:00:20]} Kf1 {[%emt 0:00:10]} 73. Bf4 {[%emt 0:00:14]} Re2 {[%emt 0:00:15]} 74. Ra8 {[%emt 0:00:25]} Re7 {[%emt 0:00:18]} 75. Bg5 {[%emt 0:00:19]} Re6 {[%emt 0:00:39]} 76. Rg8 {[%emt 0:00:28]} Ke2 {[%emt 0:00:11]} 77. Bf4 {[%emt 0:00:07]} Re7 {[%emt 0:00:48]} 78. Be5 {[%emt 0:00:46]} Kf2 {[%emt 0:00:22]} 79. Bg3+ {[%emt 0:01:08]} Kf3 {[%emt 0:00:31]} 80. Bd6 {[%emt 0:00:31]} Re4+ {[%emt 0:00:10]} 81. Kd5 {[%emt 0:00:08]} Re1 {[%emt 0:00:19]} 82. Rg3+ {[%emt 0:00:07]} Kf2 {[%emt 0:00:13]} 83. Rg6 {[%emt 0:00:39]} Re8 {[%emt 0:00:17]} 84. Bc5+ {[%emt 0:00:10]} Ke2 {[%emt 0:00:13]} 85. Rg2+ {[%emt 0:00:19]} Kd3 {[%emt 0:00:06]} 86. Bb6 {[%emt 0:00:15]} Re7 {[%emt 0:00:28]} 87. Rg3+ {[%emt 0:00:31]} Ke2 {[%emt 0:00:15]} 88. Ra3 {[%emt 0:00:23]} Rd7+ {[%emt 0:00:12]} 89. Kc4 {[%emt 0:00:07]} Re7 {[%emt 0:00:29]} 90. Ra2+ {[%emt 0:00:13]} Kf3 {[%emt 0:00:09]} 91. Kd3 {[%emt 0:00:07]} Kg4 {[%emt 0:00:15]} 92. Ra5 {[%emt 0:00:41]} Rf7 {[%emt 0:00:34]} 93. Rd5 {[%emt 0:04:06]} Rf3+ {[%emt 0:00:30]} 94. Be3 {[%emt 0:00:07]} Rf5 {[%emt 0:00:06]} 95. Rd7 {[%emt 0:00:14]} Kf3 {[%emt 0:00:55]} 96. Rg7 {[%emt 0:00:09]} Rd5+ {[%emt 0:00:35]} 97. Bd4 {[%emt 0:00:07]} Rf5 {[%emt 0:00:55]} 98. Re7 {[%emt 0:00:33]} Kg4 {[%emt 0:00:32]} 99. Re1 {[%emt 0:00:29]} Ra5 {[%emt 0:00:32]} 100. Ke4 {[%emt 0:00:19]} Ra4 {[%emt 0:00:24]} 101. Rg1+ {[%emt 0:00:07]} Kh4 {[%emt 0:00:08]} 102. Ke5 {[%emt 0:01:03]} Kh3 {[%emt 0:00:09]} 103. Rg8 {[%emt 0:00:20]} Rb4 {[%emt 0:00:21]} 104. Be3 {[%emt 0:00:11]} Rg4 {[%emt 0:00:14]} 105. Ra8 {[%emt 0:00:27]} Rb4 {[%emt 0:00:18]} 106. Ra2 {[%emt 0:00:37]} Kg3 {[%emt 0:00:26]} 107. Bf2+ {[%emt 0:00:26]} Kf3 {[%emt 0:00:11]} 108. Bc5 {[%emt 0:00:10]} Re4+ {[%emt 0:00:06]} 109. Kd5 {[%emt 0:00:06]} Re8 {[%emt 0:00:16]} 110. Rf2+ {[%emt 0:00:23]} Kg4 {[%emt 0:00:07]} 111. Bd4 {[%emt 0:00:06]} Kg5 {[%emt 0:00:29]} 112. Rg2+ {[%emt 0:00:08]} Kf5 {[%emt 0:00:12]} 113. Rf2+ {[%emt 0:00:04]} Kg5 {[%emt 0:00:04]} 114. Rg2+ {[%emt 0:00:03]} Kf5 {[%emt 0:00:05]} 115. Rf2+ {[%emt 0:00:04]} 1/2-1/2

[Event "German Bundesliga 2021-22"]
[Site "Germany"]
[Date "2022.04.30"]
[Round "5.12"]
[White "Amin, Bassem"]
[Black "Ernst, Sipke"]
[Result "1-0"]
[WhiteElo "2682"]
[BlackElo "2532"]
[Annotator "TA"]
[PlyCount "101"]
[EventDate "2022.03.05"]
[EventType "team-tourn"]
[EventCountry "GER"]
[SourceTitle "playchess.com"]
[Source "ChessBase"]
[SourceQuality "1"]
[TimeControl "40/5400+30:1800+30"]

{[%evp 15,101,19,21,31,23,14,20,1,8,0,0,-80,-85,-82,-86,-43,0,-17,0,0,0,0,0,0,0,0,12,0,4,1,22,12,19,6,20,0,33,30,52,59,36,12,70,61,52,26,33,0,32,28,77,75,168,0,0,-35,-29,-162,171,60,195,189,195,196,262,265,256,256,261,254,244,165,303,157,157,171,266,266,254,257,602,609,600,515,612,593,532,522]} 1. Nf3 {[%emt 0:00:00]} d5 {[%emt 0:00:00]} 2. g3 {[%emt 0:00:00]} g6 {[%emt 0:00:00]} 3. Bg2 {[%emt 0:00:00]} Bg7 {[%emt 0:00:00]} 4. d4 {[%emt 0:01:08]} c6 {[%emt 0:00:00]} 5. O-O {[%emt 0:00:40]} Nf6 {[%emt 0:00:00]} 6. b3 {[%emt 0:05:57]} O-O {[%emt 0:00:00]} 7. Bb2 {[%emt 0:01:06]} Ne4 {[%emt 0:01:24]} 8. Nbd2 {[%emt 0:07:16]} c5 {[%emt 0:13:29]} 9. e3 {[%emt 0:13:56] A49: 1 d4 Nf6 2 Nf3 g6 3 g3: Anti-King's Indian systems.} Bg4 {[%emt 0:09:31] [#]} 10. c4 $146 {[%emt 0:07:40]} ({Predecessor:} 10. h3 Nxd2 11. Qxd2 Bxf3 12. Bxf3 Nc6 13. Rad1 cxd4 14. exd4 e6 15. Bg2 Rc8 16. a3 {0-1 (24) Caetano,R (1981)-Cordioli,J (1821) Penha 2017}) 10... cxd4 {[%emt 0:02:40]} 11. exd4 {[%emt 0:07:20] The position is equal.} e6 {[%emt 0:14:46]} 12. Re1 {[%emt 0:04:47]} f5 {[%emt 0:15:46]} 13. Nf1 {[%emt 0:23:02]} (13. h3 $11 Bh5 14. g4 fxg4 15. hxg4 Nxd2 16. Nxd2 (16. gxh5 Nxf3+ 17. Bxf3 Nc6 $17)) 13... Nc6 $17 {[%emt 0:07:29] And now ...f4 would win.} 14. cxd5 {[%emt 0:00:32]} exd5 {[%emt 0:00:59]} ({But not} 14... Qxd5 $6 15. Ne3 Bxf3 16. Bxf3 $11) 15. Ne3 {[%emt 0:00:13]} Bxf3 {[%emt 0:02:53]} 16. Bxf3 {[%emt 0:01:08]} Qa5 {[%emt 0:02:14]} 17. a3 {[%emt 0:03:37]} Rad8 {[%emt 0:00:07]} 18. Qd3 {[%emt 0:00:46]} Kh8 {[%emt 0:07:22]} 19. Rad1 {[%emt 0:03:45]} a6 {[%emt 0:04:05]} 20. Bg2 {[%emt 0:03:32]} Rd7 {[%emt 0:03:36]} 21. b4 {[%emt 0:00:29]} Qb6 {[%emt 0:01:00]} 22. Re2 {[%emt 0:01:19]} Qd8 {[%emt 0:04:42]} 23. Nc2 {[%emt 0:00:54][%cal Be3c2,Bc2a1,Ba1b3][%mdl 32]} Re8 {[%emt 0:02:03]} 24. Rde1 {[%emt 0:01:06]} Rde7 {[%emt 0:00:32]} 25. Na1 {[%emt 0:03:14]} a5 {[%emt 0:02:26]} 26. b5 {[%emt 0:00:50]} Nb8 {[%emt 0:00:27]} 27. a4 {[%emt 0:01:03]} Nd7 {[%emt 0:01:02]} 28. Nb3 {[%emt 0:00:53]} b6 {[%emt 0:03:28]} ({Black should try} 28... Nb6 $11) 29. Ba3 {[%emt 0:03:15][%cal Bb2a3,Ba3d6,Bd6c7,Bc7f4][%mdl 32]} Re6 {[%emt 0:00:02]} 30. f3 {[%emt 0:01:42]} Ng5 {[%emt 0:00:05]} 31. Bd6 {[%emt 0:03:00]} Rxe2 {[%emt 0:00:25]} 32. Rxe2 {[%emt 0:00:02][%cal Od6c7]} Nf7 {[%emt 0:02:09]} (32... Ne6 $11) 33. Bc7 $1 $16 {[%emt 0:00:48] White is more active.} Qc8 {[%emt 0:00:02]} (33... Qa8 $16) 34. Rxe8+ $2 {[%emt 0:01:41]} (34. Rc2 $1 $18) 34... Qxe8 $11 {[%emt 0:00:04]} 35. Kf2 {[%emt 0:00:41]} Qc8 {[%emt 0:02:12]} 36. Qc2 {[%emt 0:00:33]} (36. Bf4 $11 {and White has nothing to worry.}) 36... Nf8 $4 {[%emt 0:00:56][%mdl 8192] [#]} (36... Nd8 $1 $19 {[%cal Rd8e6] avoids the disaster. ...Ne6 is the strong threat.} 37. Na1 Ne6) 37. Qc6 {[%emt 0:00:11]} (37. Qc1 $1 $18) 37... Nd7 {[%emt 0:00:18] [#]} (37... Nd8 $1 $14 38. Bxd8 (38. Qxb6 Nfe6 $11) 38... Qxd8) 38. Bf4 $1 $36 {[%emt 0:00:48][%mdl 2048] White is on the roll.} ({Not} 38. Qxd5 Qxc7 39. Qxf7 Qc2+ 40. Kg1 Bxd4+ 41. Nxd4 Qd1+ 42. Bf1 Qxd4+ 43. Kg2 Qd2+ 44. Kh3 Qh6+ 45. Kg2 Qd2+ 46. Kh3 Qh6+ 47. Kg2 Qd2+ $11) 38... Qe8 {[%emt 0:00:12]} 39. Qxd5 {[%emt 0:00:20]} Qe7 {[%emt 0:00:02]} (39... Nf6 $142 40. Qc6 Qd8) 40. Bf1 {[%emt 0:00:40] Strongly threatening Bc4. This bishop pair is nice.} Bh6 {[%emt 0:00:43]} 41. Bxh6 {[%emt 0:00:00]} Nxh6 {[%emt 0:00:00]} 42. Bc4 {[%emt 0:00:00]} Kg7 {[%emt 0:00:00]} 43. Qe6 {[%emt 0:00:00]} Kf8 {[%emt 0:00:00]} (43... Qxe6 $142 44. Bxe6 Nf8) 44. Qxe7+ {[%emt 0:01:51]} (44. Qc6 $18) 44... Kxe7 {[%emt 0:00:00][%mdl 4096] Endgame KBN-KNN} 45. Ke3 {[%emt 0:00:16]} g5 {[%emt 0:00:00]} (45... Nf7 $142 46. Nd2 Nd6) 46. Nd2 {[%emt 0:02:14]} Nf6 {[%emt 0:00:00]} 47. Kd3 {[%emt 0:02:36]} Nf7 $2 {[%emt 0:00:00]} (47... Kd7 48. Bb3 Kc7) 48. Bxf7 {[%emt 0:05:05] White is clearly winning.} Kxf7 {[%emt 0:00:00]} 49. Nc4 {[%emt 0:00:45]} Nd5 {[%emt 0:00:00]} 50. Ne3 {[%emt 0:01:00]} Ne7 {[%emt 0:00:00]} 51. d5 {[%emt 0:01:45] Weighted Error Value: White=0.25 (precise) /Black=0.47} 1-0

[Event "German Bundesliga 2021-22"]
[Site "Germany"]
[Date "2022.04.30"]
[Round "5.12"]
[White "Saric, Ivan"]
[Black "Neef, Maximilian"]
[Result "1-0"]
[WhiteElo "2678"]
[BlackElo "2504"]
[Annotator "TA"]
[PlyCount "119"]
[EventDate "2022.03.05"]
[EventType "team-tourn"]
[EventCountry "GER"]
[SourceTitle "playchess.com"]
[Source "ChessBase"]
[SourceQuality "1"]
[TimeControl "40/5400+30:1800+30"]

{[%evp 18,119,29,29,29,25,39,31,40,8,36,43,46,41,59,45,62,31,47,37,47,29,45,35,34,33,45,18,25,28,23,0,38,46,40,45,50,56,61,0,0,0,0,0,6,14,12,7,17,6,16,7,18,0,0,0,0,0,0,0,0,0,0,0,0,0,0,0,0,0,0,0,0,0,39,45,61,60,49,40,65,62,160,131,671,647,559,522,12836,12836,12841,12841,12841,12842,12841,12841,12845,12845,12845,12845,12850,27999,27999,27999]} 1. e4 {[%emt 0:00:00]} e6 {[%emt 0:00:00]} 2. d4 {[%emt 0:00:00]} d5 {[%emt 0:00:00]} 3. Nc3 {[%emt 0:00:00]} dxe4 {[%emt 0:00:00]} 4. Nxe4 {[%emt 0:00:00]} Bd7 {[%emt 0:00:00]} 5. Nf3 {[%emt 0:00:00]} Bc6 {[%emt 0:00:00]} 6. Bd3 {[%emt 0:00:00]} Nd7 {[%emt 0:00:00]} 7. O-O {[%emt 0:00:00]} Ngf6 {[%emt 0:00:00]} 8. Re1 {[%emt 0:00:00][%cal Bf1e1,Be1e4,Be4g4][%mdl 32]} Nxe4 {[%emt 0:00:00] 8...Nxe4 scores better than 8...Be7.} 9. Bxe4 {[%emt 0:00:00]} Bxe4 {[%emt 0:00:00]} 10. Rxe4 {[%emt 0:00:00]} Be7 {[%emt 0:00:00] C10: French with 3 Nc3: Unusual Black 3rd moves and 3...dxe4.} 11. Rg4 $5 {[%emt 0:00:00][%mdl 4] An interesting side line.} Bf6 {[%emt 0:00:00]} 12. h4 {[%emt 0:00:00] [#]} Qe7 $146 {[%emt 0:05:04] White is slightly better.} ({Predecessor:} 12... c6 13. Qe2 Qa5 14. c4 O-O 15. Bd2 Qf5 16. Re4 h5 17. Rd1 Rfd8 18. Bg5 Bxg5 19. Nxg5 {1-0 (34) Ivic,V (2610)-Markus,R (2627) Belgrade 2022}) 13. c4 {[%emt 0:04:09]} O-O-O {[%emt 0:09:53][%cal Od7e5]} (13... c5 $5 {[%cal Rc5d4]}) 14. Qa4 {[%emt 0:04:16]} Kb8 {[%emt 0:05:01]} 15. Be3 {[%emt 0:03:12]} h5 {[%emt 0:11:49]} 16. Re4 {[%emt 0:01:04]} Nb6 {[%emt 0:03:18]} 17. Qb3 {[%emt 0:10:07]} (17. Qc2 $5 {[%cal Rd4d5]}) 17... Qd7 {[%emt 0:08:12]} 18. Ne5 {[%emt 0:04:44] Against Qc6} Bxe5 {[%emt 0:02:01]} 19. Rxe5 {[%emt 0:00:20]} Qa4 {[%emt 0:07:19]} 20. Qxa4 {[%emt 0:10:16]} Nxa4 {[%emt 0:00:19]} 21. b3 {[%emt 0:00:13]} Nb6 {[%emt 0:00:24][%cal Ba4b6,Bb6c8,Bc8e7,Be7g6][%mdl 32]} 22. f3 {[%emt 0:14:18]} Nc8 {[%emt 0:06:41]} 23. Re1 {[%emt 0:02:14]} b6 {[%emt 0:06:34]} 24. Bf2 {[%emt 0:03:39]} Ne7 {[%emt 0:09:33]} 25. d5 {[%emt 0:01:30]} Ng6 {[%emt 0:01:31]} 26. Rg5 {[%emt 0:00:04]} exd5 {[%emt 0:06:10]} 27. cxd5 {[%emt 0:00:16]} Rh6 {[%emt 0:01:31]} 28. Bg3 {[%emt 0:05:45] White is more active.} ({Better is} 28. Re4 $1 $14) 28... Kb7 $11 {[%emt 0:05:57]} 29. Rf5 {[%emt 0:10:03]} Rd7 {[%emt 0:03:05]} 30. b4 {[%emt 0:05:07]} a6 {[%emt 0:02:35]} 31. a4 {[%emt 0:00:43][%cal Od5d6]} f6 {[%emt 0:00:33]} 32. d6 {[%emt 0:00:13] Against Ne7} cxd6 {[%emt 0:00:29]} 33. Rd5 {[%emt 0:00:17]} Rh8 {[%emt 0:05:01]} (33... Kc6 {looks sharper.} 34. Red1 Ne5 35. b5+ axb5 36. axb5+ Kc7) 34. Red1 {[%emt 0:00:48]} Rhd8 {[%emt 0:01:17]} 35. Rxh5 {[%emt 0:01:46]} d5 {[%emt 0:00:04]} 36. Rh7 {[%emt 0:06:30]} d4 {[%emt 0:00:54]} 37. h5 {[%emt 0:06:05]} Nf8 {[%emt 0:00:59]} 38. Rh8 {[%emt 0:00:04]} Ne6 {[%emt 0:00:30]} 39. Rxd8 {[%emt 0:00:04]} Nxd8 {[%emt 0:01:09][%mdl 4096] Endgame KRB-KRN} 40. Be1 {[%emt 0:02:44]} Nc6 {[%emt 0:01:29]} 41. Kf2 {[%emt 0:31:43]} b5 {[%emt 0:00:00]} 42. axb5 {[%emt 0:00:00]} axb5 {[%emt 0:00:00]} 43. f4 {[%emt 0:00:00]} f5 {[%emt 0:00:00]} 44. Kf3 {[%emt 0:00:00]} Rd8 {[%emt 0:08:29]} 45. Bf2 {[%emt 0:00:00]} Ra8 {[%emt 0:04:53]} 46. Bxd4 {[%emt 0:00:00]} Rd8 {[%emt 0:02:50]} 47. Ke3 {[%emt 0:00:00] Strongly threatening Rd2.} Nxb4 {[%emt 0:00:59] [#] White must now prevent ...Nc2+.} 48. Ke2 {[%emt 0:00:00]} Re8+ {[%emt 0:12:53]} 49. Be5 {[%emt 0:00:00] Threatens to win with Rd7+.} Nc6 {[%emt 0:00:30]} ({Black should try} 49... Rh8 $1 $14) 50. Rd7+ $16 {[%emt 0:00:00]} Ka6 $2 {[%emt 0:00:47][%mdl 8192] A mistake that costs the game.} (50... Kb6 $16) 51. Rxg7 $18 {[%emt 0:00:00]} Nxe5 {[%emt 0:00:05]} 52. fxe5 {[%emt 0:00:00] h6 is the strong threat.} Rxe5+ {[%emt 0:00:06] KR-KR} 53. Kf3 {[%emt 0:00:00]} b4 {[%emt 0:00:57] [#]} 54. h6 $1 {[%emt 0:00:00]} Re1 {[%emt 0:02:48]} 55. Rg3 {[%emt 0:00:00]} Re8 {[%emt 0:02:21]} 56. Kf4 {[%emt 0:00:00]} Rf8 {[%emt 0:00:51]} 57. Rh3 {[%emt 0:00:00]} Rh8 {[%emt 0:00:38]} 58. Kxf5 {[%emt 0:00:00]} b3 {[%emt 0:00:05]} 59. Rxb3 {[%emt 0:00:00]} Rxh6 {[%emt 0:00:05]} 60. g4 {[%emt 0:00:00] Weighted Error Value: White=0.05 (flawless) /Black=0.26 (precise)} 1-0

[Event "German Bundesliga 2021-22"]
[Site "Germany"]
[Date "2022.04.30"]
[Round "5.12"]
[White "Kollars, Dmitrij"]
[Black "Bruedigam, Martin"]
[Result "1-0"]
[WhiteElo "2635"]
[BlackElo "2386"]
[Annotator "TA"]
[PlyCount "97"]
[EventDate "2022.03.05"]
[EventType "team-tourn"]
[EventCountry "GER"]
[SourceTitle "playchess.com"]
[Source "ChessBase"]
[SourceQuality "1"]
[TimeControl "40/5400+30:1800+30"]

{[%evp 20,97,11,4,58,52,76,42,56,62,63,48,87,76,97,91,124,128,136,139,149,133,183,193,180,154,167,160,174,160,211,204,208,199,196,167,162,169,169,156,160,149,187,145,150,127,183,174,174,159,174,134,141,130,216,154,220,217,215,207,223,222,232,225,261,261,427,435,643,635,1059,1043,1053,1009,1000,904,825,656,5110,213]} 1. e4 {[%emt 0:00:00]} e5 {[%emt 0:00:00]} 2. Nf3 {[%emt 0:00:00]} Nc6 {[%emt 0:00:00]} 3. Bc4 {[%emt 0:00:00]} Bc5 {[%emt 0:00:00]} 4. d3 {[%emt 0:00:00]} Nf6 {[%emt 0:00:00]} 5. Nc3 {[%emt 0:00:00]} a6 {[%emt 0:00:00]} 6. Bg5 {[%emt 0:00:00]} h6 {[%emt 0:00:00]} 7. Bxf6 {[%emt 0:00:00]} Qxf6 8. Nd5 Qd8 {[%emt 0:00:00]} 9. c3 {[%emt 0:00:00]} d6 {[%emt 0:00:00]} 10. d4 {[%emt 0:00:00]} Ba7 {[%emt 0:00:00] The main line 10...Ba7 scores better than 10...exd4.} 11. dxe5 {[%emt 0:00:00]} dxe5 {[%emt 0:51:00] C50: Hungarian Defence and Giuoco Pianissimo.} ({Black should play} 11... Nxe5 $11 12. Nxe5 dxe5) 12. Qe2 $14 {[%emt 0:00:00]} Bc5 {[%emt 0:05:30]} 13. Rd1 {[%emt 0:00:00][%cal Od5b6] Strongly threatening Nb6!} Bd6 {[%emt 0:03:30] White is slightly better.} 14. O-O {[%emt 0:00:00]} O-O {[%emt 0:02:30] [#]} 15. a4 $146 {[%emt 0:00:00]} ({Predecessor:} 15. Rd2 Be6 16. Rfd1 Qe8 17. b4 Rd8 18. Nh4 Qd7 19. Rd3 Ne7 20. Rg3 Bxd5 21. Bxd5 {1-0 (33) Balajayeva,K (2358)-Olsarova,K (2264) Antalya 2019}) 15... a5 {[%emt 0:04:30]} 16. Rd2 {[%emt 0:16:30] White is much more active. The black rooks are badly placed.} Bg4 {[%emt 0:16:10]} 17. Rfd1 {[%emt 0:03:30]} Bxf3 {[%emt 0:01:09]} 18. Qxf3 {[%emt 0:00:30][%cal Od5b6]} Qg5 {[%emt 0:00:08]} 19. g3 {[%emt 0:04:30]} Rad8 {[%emt 0:06:56]} 20. Ne3 {[%emt 0:21:30][%cal Bd5e3,Be3c4,Bc4a5][%mdl 32]} Kh8 {[%emt 0:05:20]} (20... Bc5 $16 {was called for.}) 21. Bd5 $18 {[%emt 0:06:30]} (21. Bxf7 $2 Qe7 22. Rd5 b6 $19) 21... Qe7 {[%emt 0:03:17]} 22. Bxc6 {[%emt 0:08:30]} bxc6 {[%emt 0:00:04]} 23. Nc4 {[%emt 0:00:30]} Qe6 {[%emt 0:00:14]} 24. Qe2 {[%emt 0:09:30]} f5 {[%emt 0:00:26]} (24... f6 $16 25. Kg2 (25. Nxa5 Ra8 $16) 25... c5) 25. Nxa5 {[%emt 0:02:30]} Ra8 {[%emt 0:01:33] [#]} 26. exf5 $1 {[%emt 0:03:30]} Qxf5 {[%emt 0:00:12]} 27. Nc4 {[%emt 0:04:30]} Rxa4 {[%emt 0:00:26]} 28. Nxd6 {[%emt 0:00:30]} cxd6 {[%emt 0:00:07]} 29. Rxd6 {[%emt 0:00:00]} Re4 {[%emt 0:00:23]} 30. Qd2 {[%emt 0:00:00]} Qf3 {[%emt 0:01:07] [#] And now ...Re2 would win.} 31. Re1 {[%emt 0:01:30] Inhibits Re2.} Rxe1+ {[%emt 0:01:13]} 32. Qxe1 $16 {[%emt 0:00:30][%mdl 4096] Endgame KQR-KQR} Ra8 {[%emt 0:00:00]} (32... Kh7 $16 33. c4 Ra8) 33. Qd1 $18 {[%emt 0:02:55]} Qe4 {[%emt 0:00:40]} 34. h4 {[%emt 0:07:12]} c5 {[%emt 0:00:04]} 35. Rd2 {[%emt 0:03:38]} c4 {[%emt 0:00:07]} 36. Kh2 {[%emt 0:00:04]} Qc6 {[%emt 0:01:11]} (36... Kh7 $16 37. h5 Rc8) 37. Qg4 {[%emt 0:01:23]} Rf8 {[%emt 0:00:31]} (37... Re8 $16 38. Kg1 e4) 38. Kg1 {[%emt 0:02:19]} Ra8 {[%emt 0:00:15]} 39. Rd1 {[%emt 0:01:06] Prevents Ra1.} Kg8 {[%emt 0:00:48]} 40. Qf5 {[%emt 0:02:22]} Re8 {[%emt 0:00:00]} 41. Rd7 {[%emt 0:00:00] White threatens Qf7+ and mate.} Qf6 {[%emt 0:11:39] Inhibits Qf7+.} 42. Qe4 {[%emt 0:00:00]} Qe6 $2 {[%emt 0:07:46]} (42... Rc8 {was necessary.} 43. Rd5 Qb6 44. Qxe5 Rf8) 43. Rc7 {[%emt 0:00:00] White is clearly winning.} Rc8 {[%emt 0:02:58]} (43... Rd8 $142 44. Qxc4 Qxc4 45. Rxc4 Kf7) 44. Rxc8+ {[%emt 0:00:01]} Qxc8 {[%emt 0:00:03]} 45. Qxe5 {[%emt 0:00:30]} Qc6 {[%emt 0:00:24]} 46. b4 {[%emt 0:00:30]} cxb3 {[%emt 0:01:21]} 47. Qb8+ {[%emt 0:00:30]} Kh7 {[%emt 0:00:04]} 48. Qxb3 {[%emt 0:00:00]} g5 {[%emt 0:00:20]} 49. Qf7+ {[%emt 0:00:00] Weighted Error Value: White=0.09 (flawless) /Black=0.34} 1-0